Supraspinálna kontrola zmien H-reflexu vyvolaných taktilnou stimuláciou u zdravých jedincov

Bibliographic Details
Main Authors: Podivinský, František, 1923- (Author), Žalčík, J. (Author), Jergelová, Mariana (Author)
Format: Article
Language:Slovak
PhysicalDescription:Graf. 2. Res. rus., angl., lit. 26 zázn v angl., franc.
Subjects:

MARC

LEADER 00000nab a2200000 a 4500
001 vtls000148699
003 SK-MaSNL
005 20260304204940.0
008 220422c1983 xo 0 slo
015 |a SNBRB19rr/mm-uuuuu 
035 |a CL0158806 
040 |a SNKBUCL  |b slo  |c SNKBUCL  |e AACR2 
041 0 |a slo 
044 |a xo  |c SK 
080 |a 612.813  |2 1981 
080 |a 612.819  |2 1981 
100 1 |a Podivinský, František,  |d 1923-  |4 aut  |9 198324 
245 1 0 |a Supraspinálna kontrola zmien H-reflexu vyvolaných taktilnou stimuláciou u zdravých jedincov  |c F. Podivinský, J. Žalčík, M. Jergelová 
300 |b Graf. 2. Res. rus., angl., lit. 26 zázn v angl., franc. 
650 0 7 |a nervy senzitívne  |2 snkbucl  |9 1538715 
650 0 7 |a dolné končatiny  |2 snkbucl  |9 28862 
655 7 |a články z novín a časopisov  |2 snkbucl  |9 267496 
700 1 |a Žalčík, J.  |4 aut  |9 525382 
700 1 |a Jergelová, Mariana  |4 aut  |9 5184 
773 0 |t Československá neurologie a neurochirurgie  |g Roč. 46, č. 3 (1983), s. 163-168 
850 |a Slovenská národná knižnica v Martine  |a MTA001 
852 |a SNK  |b KIS3GCP 
958 |a NB 
958 |a RK 
958 |a ME 
992 |a RBX 
999 |c 3118653  |d 3120583